Kariérny rast podporený personalizovaným vzdelávaním s využitím umelej inteligencie

Guardado en:
Detalles Bibliográficos
Autor principal: Olexová, Cecília, 1976-
Formato: Capítulo de libro
Lenguaje:eslovaco
inglés
Materias:
Etiquetas: Agregar Etiqueta
Sin Etiquetas, Sea el primero en etiquetar este registro!

MARC

LEADER 00000naa a2200000 4500
001 0310844
005 20250715114626.9
041 0 |a slo 
041 0 |a eng 
044 |a SK 
245 1 0 |a Kariérny rast podporený personalizovaným vzdelávaním s využitím umelej inteligencie  |c Cecília Olexová 
500 |a abstrakt 
610 2 0 |a inteligencia umelá 
610 2 0 |a kariéra 
610 2 0 |a vzdelávanie 
610 2 0 |a vzdelávanie dospelých 
100 1 |a Olexová, Cecília, 1976-